| 000 | 00870nam a2200277 a 4500 | ||
|---|---|---|---|
| 001 | 31298 | ||
| 003 | BD-RjUL | ||
| 005 | 20211209051701.0 | ||
| 008 | 140415r19681953enkabj b 001 0 eng d | ||
| 020 | _a0090344340 | ||
| 020 | _a0090344359 (pbk) | ||
| 035 | _a(BD-RjUL)31385 | ||
| 040 |
_aUkOxU _beng _cUkOxU _dBD-RjUL |
||
| 041 | _aeng | ||
| 082 | 4 |
_a940.1 _bSOM 1968 |
|
| 100 | 1 |
_aSouthern, R. W. _q(Richard William), _d1912-2001 _995244 |
|
| 245 | 1 | 4 |
_aThe making of the Middle Ages / _cR.W. Southern |
| 250 | _a[Repr with revisions] | ||
| 260 |
_aLondon : _bHutchinson, _cc1968. |
||
| 300 |
_a263 p, [5] p of plates : _bill, geneal table, map ; _c21 cm. |
||
| 500 | _aFirst published: 1953 | ||
| 504 | _aIncludes revised bibliography and index | ||
| 650 | 0 |
_aMiddle Ages _995245 |
|
| 830 | 0 |
_aHutchinson university library _995799 |
|
| 942 |
_2ddc _cBK |
||
| 999 |
_c31298 _d31298 |
||